000 00438nam a2200133 4500
999 _c11267
_d11267
008 181112b ||||| |||| 00| 0 eng d
082 _aDPer 050 T48 Apr - June 2016, v. 187 n. 12-24
100 _932451
_aAlter, Charlotte
245 _aA custody fight deepens wounds/
_cCharlotte Alter.
260 _aHong Kong;
_bTime Asia,
_cc2016.
300 _av187 n12, page 11:
_billustrations;
_c27cm.
650 0 _932452
_aFamily.
942 _2ddc
_cPER